Adivina el país por la camiseta de fútbol - Estadísticas

Estadísticas generales
  • Esta prueba ha sido intentada 66 veces
  • La puntuación promedio es 13 de 16
Estadísticas de respuestas
Imagen Respuesta % Correcto
Croacia
100%
Inglaterra
100%
Belgica
96%
Suecia
96%
Albania
95%
Paises Bajos
95%
Jamaica
89%
Polonia
88%
Japon
84%
Chile
80%
Andorra
75%
Costa de Marfil
63%
Egipto
61%
Liechtenstein
54%
Kazajistan
41%
Georgia
36%
No se encontraron pruebas coincidentes
Distribución de puntuación
Porcentaje de gente con cada puntuación
Porcentaje por número respondido
Historial de tus puntuaciones
No has intentado esta prueba.